Préfectures et sous-préfectures d'Occitanie sur une carte - Statistiques

Statistiques générales
  • Ce quiz a été pris 373 fois
  • Le résultat moyen est 23 sur 36
Réponses sur la Carte
Les réponses sont colorées sur une échelle allant du rouge au vert en fonction du pourcentage des utilisateurs qui les ont devinées à leur premier essai. Vous pouvez retrouver ces pourcentages ci-dessous.
 
Statistiques - réponses
Réponse % Correct
Toulouse
96%
Montpellier
95%
Perpignan
95%
Carcassonne
89%
Nîmes
88%
Tarbes
88%
Albi
87%
Montauban
86%
Rodez
86%
Béziers
84%
Foix
84%
Narbonne
83%
Auch
80%
Cahors
78%
Mende
75%
Castres
74%
Millau
73%
Alès
62%
Pamiers
57%
Saint Gaudens
55%
Figeac
54%
Muret
53%
Argelès Gazost
46%
Castelsarrasin
44%
Lodève
44%
Villefranche de Rouergue
44%
Condom
43%
Limoux
43%
Bagnères de Bigorre
41%
Céret
41%
Saint Girons
41%
Prades
40%
Florac
37%
Mirande
33%
Le Vigan
32%
Gourdon
31%
Aucun quiz correspondant
Distribution des résultats
% des personnes avec chaque résultat
Percentile par nombre de réponses
Votre historique - résultats
Vous n’avez pas pris ce quiz